2023-2024 Top 5 Football Leagues - Statistics

General Stats
  • This quiz has been taken 885 times
  • The average score is 53 of 96
Answer Stats
Answer % Correct
Bayern Munich
95%
Borussia Dortmund
91%
Manchester City
86%
Manchester United
86%
Arsenal
84%
Barcelona
84%
Real Madrid
84%
Aston Villa
83%
Chelsea
83%
Liverpool
83%
Paris Saint-Germain
83%
AC Milan
82%
Inter Milan
82%
Atlético Madrid
81%
Juventus
80%
Tottenham Hotspur
80%
Bayer Leverkusen
78%
Lyon
74%
Everton
73%
Marseille
73%
West Ham United
73%
Brighton & Hove Albion
72%
Roma
72%
Wolverhampton Wanderers
72%
Napoli
71%
Newcastle United
71%
Sevilla
71%
Athletic Bilbao
70%
Bournemouth
70%
Crystal Palace
70%
Valencia
68%
Brentford
67%
Lille
67%
Luton Town
67%
Lazio
66%
Real Betis
66%
AS Monaco
65%
Burnley
65%
Fulham
65%
Nottingham Forest
64%
Real Sociedad
64%
Villarreal
62%
VfL Wolfsburg
61%
Girona
60%
RB Leipzig
60%
Eintracht Frankfurt
58%
Sheffield United
58%
VfB Stuttgart
58%
Atalanta
56%
Fiorentina
56%
Union Berlin
56%
Borussia Mönchengladbach
55%
Nice
54%
Torino
52%
Bologna
50%
Rennes
49%
Nantes
48%
Werder Bremen
48%
Lens
47%
Mallorca
47%
Getafe
46%
Montpellier
46%
Sassuolo
45%
Udinese
43%
1899 Hoffenheim
42%
Brest
42%
Celta Vigo
41%
FC Augsburg
41%
Toulouse
41%
Genoa
40%
Las Palmas
40%
SC Freiburg
39%
Strasbourg
39%
Osasuna
38%
Cagliari
37%
Hellas Verona
37%
Rayo Vallecano
37%
Reims
37%
Alavés
36%
Almería
36%
Cádiz
36%
VfL Bochum
35%
Granada
34%
Lecce
34%
Monza
32%
Salernitana
32%
Empoli
30%
Le Havre
27%
Lorient
27%
Metz
26%
Clermont
25%
Frosinone
25%
FC Köln
23%
Mainz 05
19%
FC Heidenheim
14%
Darmstadt 98
8%
No matching quizzes found
Score Distribution
Percent of People with Each Score
Percentile by Number Answered
Your Score History
You have not taken this quiz